Văn Cao cuộc đời - tác phẩm
v.v...
Đã lưu trong:
| Tác giả chính: | |
|---|---|
| Định dạng: | Sách |
| Năm xuất bản: |
H.
Văn học
1996
|
| Chủ đề: | |
| Tags: |
Thêm thẻ
Không có thẻ, Hãy là người đầu tiên gắn thẻ bản ghi này!
|
| LEADER | 01364nam a2200265 4500 | ||
|---|---|---|---|
| 082 | |a 895.9221009 |b V114c | ||
| 100 | |a Lữ Huy Nguyên | ||
| 245 | |a Văn Cao cuộc đời - tác phẩm |c Lữ Huy Nguyên tuyển chọn | ||
| 260 | |a H. |b Văn học |c 1996 | ||
| 300 | |a 442 tr. |c 19 cm | ||
| 520 | |a v.v... | ||
| 653 | |a Văn học hiện đại | ||
| 653 | |a Thế kỷ 20 | ||
| 653 | |a Việt Nam | ||
| 653 | |a Thơ | ||
| 653 | |a Phê bình văn học | ||
| 653 | |a Cuộc đời | ||
| 653 | |a Tác phẩm | ||
| 942 | |2 ddc |c STK0 | ||
| 999 | |c 2490 |d 2490 | ||
| 952 | |0 0 |1 0 |2 ddc |4 0 |6 895_922100900000000_V114C |7 1 |8 800 |9 31746 |a qbu |b qbu |c D5 |d 2014-12-14 |g 34000 |o 895.9221009 V114c |p 3678.c1 |r 0000-00-00 |w 2014-12-14 |y STK0 | ||
| 952 | |0 0 |1 0 |2 ddc |4 0 |6 895_922100900000000_V114C |7 0 |8 800 |9 31747 |a qbu |b qbu |c D5 |d 2014-12-14 |g 34000 |o 895.9221009 V114c |p 3678.c2 |r 0000-00-00 |w 2014-12-14 |y STK0 | ||
| 952 | |0 0 |1 0 |2 ddc |4 0 |6 895_922100900000000_V114C |7 0 |8 800 |9 31748 |a qbu |b qbu |c D5 |d 2014-12-14 |g 34000 |l 1 |o 895.9221009 V114c |p 3678.c3 |r 2015-09-03 |s 2015-08-27 |w 2014-12-14 |y STK0 | ||
| 952 | |0 0 |1 0 |2 ddc |4 0 |6 895_922100900000000_V114C |7 0 |8 800 |9 31749 |a qbu |b qbu |c D5 |d 2014-12-14 |g 34000 |o 895.9221009 V114c |p 3678.c4 |r 0000-00-00 |w 2014-12-14 |y STK0 | ||
| 952 | |0 0 |1 0 |2 ddc |4 0 |6 895_922100900000000_V114C |7 0 |8 800 |9 31750 |a qbu |b qbu |c D5 |d 2014-12-14 |g 34000 |o 895.9221009 V114c |p 3678.c5 |r 0000-00-00 |w 2014-12-14 |y STK0 | ||